[Event "TUR-chT 2nd League"]
[Site "Konya"]
[Date "2022.08.25"]
[Round "6.14"]
[White "Derbentli, Cemil Furkan"]
[Black "Kavri, Yusuf Eren"]
[Result "0-1"]
[WhiteElo "1458"]
[BlackElo "1965"]
[PlyCount "62"]
[EventDate "2022.08.22"]
[EventType "team-swiss"]
[EventRounds "9"]
[EventCountry "TUR"]
[SourceTitle "CBM 210 Extra"]
[Source "ChessBase"]
[SourceDate "2022.11.30"]
[SourceVersion "1"]
[SourceVersionDate "2022.11.30"]
[SourceQuality "1"]
[WhiteTeam "Karaman Tabduk Emre"]
[BlackTeam "Samsun Gercek"]
[WhiteTeamCountry "TUR"]
[BlackTeamCountry "TUR"]

1. e4 c5 2. Nf3 Nc6 3. Bb5 g6 4. 0-0 Bg7 5. c3 e5 6. d3 Nge7 7. Be3 d6 8. d4 exd4 9. cxd4 Qb6 10. Nc3 0-0 11. Bxc6 Qxc6 12. Qa4 Qxa4 13. Nxa4 b6 14. Rfd1 Bg4 15. h3 Bxf3 16. gxf3 Nc6 17. dxc5 dxc5 18. Rab1 f5 19. Kg2 Rae8 20. Rd6 Nb4 21. Rd7 fxe4 22. Rxa7 exf3+ 23. Kf1 Nc2 24. Bd2 Bd4 25. Bc3 Rf4 26. Rc1 Rh4 27. Kg1 Rxh3 28. Rf1 Re4 29. Ra8+ Kg7 30. Ra7+ Kf6 31. Ra8 Rg4# 0-1

[Event "TUR-chT 2nd League"]
[Site "Konya"]
[Date "2019.07.26"]
[Round "7.8"]
[White "Derbentli, Cemil Furkan"]
[Black "Arslan, Muhammed Emin"]
[Result "0-1"]
[WhiteElo "1398"]
[BlackElo "1529"]
[PlyCount "96"]
[EventDate "2019.07.22"]
[EventType "team-swiss"]
[EventRounds "9"]
[EventCountry "TUR"]
[SourceTitle "CBM 191 Extra"]
[Source "ChessBase"]
[SourceDate "2019.09.30"]
[SourceVersion "1"]
[SourceVersionDate "2019.09.30"]
[SourceQuality "1"]
[WhiteTeam "Dogukisla Genclik Spor"]
[BlackTeam "Ceylanpinar Genclik"]
[WhiteTeamCountry "TUR"]
[BlackTeamCountry "TUR"]

1. d4 c5 2. e3 e6 3. Nf3 Nf6 4. c4 d5 5. Nc3 Nc6 6. Bd3 Bd6 7. 0-0 0-0 8. h3 h6 9. Re1 a6 10. cxd5 exd5 11. dxc5 Bxc5 12. a3 Be6 13. b4 Bd6 14. Bb2 b5 15. Ne2 Nd7 16. Ned4 Nxd4 17. Nxd4 Nb6 18. Nxe6 fxe6 19. Qg4 Rf6 20. Bxf6 Qxf6 21. Qg6 Qxg6 22. Bxg6 Nc4 23. Bd3 Rc8 24. Rac1 Rd8 25. Bxc4 bxc4 26. Red1 Be7 27. e4 Kf7 28. Kf1 Ke8 29. exd5 exd5 30. Rc2 Bf6 31. g3 Ke7 32. Ke2 Ke6 33. f4 Rc8 34. Kf3 d4 35. g4 Kd5 36. Rc3 Re8 37. Rd2 d3 38. Rc1 Kd4 39. Rcd1 Re3+ 40. Kg2 c3 41. Rf2 Ke4 42. Ra2 c2 43. Rc1 Re2+ 44. Kf1 Rd2 45. Re1+ Kf3 46. g5 Bd4 47. gxh6 Rh2 48. Re3+ Bxe3 0-1